| 000 | 00923nas a2200313 4500 | ||
|---|---|---|---|
| 001 | BR0503403 | ||
| 003 | BR-BrBNA | ||
| 005 | 20231205105458.0 | ||
| 007 | ta | ||
| 008 | 230509b bl.|||p| |||| 00| 00por d | ||
| 040 |
_aBR-BrBNA _bpor _cBiblioteca Nacional de Agricultura |
||
| 041 | _a(Pt) | ||
| 072 | _aP01 | ||
| 100 | 1 | _aBorges, L.F.R. | |
| 100 | 1 | _aScolforo, J.R. | |
| 100 | 1 | _aOliveira, A.D. de | |
| 100 | 1 | _aMello, J.M. de | |
| 100 | 1 | _aAcerbi Junior, F.W. | |
| 100 | 1 | _aFreitas, G.D. de | |
| 245 | 1 | _aInventário de fragmentos florestais nativos e propostas para seu manejo e o da paisagem | |
| 650 | _aEUCALIPTO | ||
| 650 | _aFLORESTA NATIVA | ||
| 650 | _aPRESERVAÇÃO DA NATUREZA | ||
| 650 | _aMANEJO | ||
| 650 | _aMINAS GERAIS | ||
| 773 | 0 |
_tCerne (Brazil) _xISSN 0104-7760 _g(Jan-Jun 2004), v. 10(1) p. 22-38 _wBR0503403 |
|
| 909 |
_a202311 _bLúcia _c55 _dLúcia Elande |
||
| 942 |
_2AGRIS _n0 _cANA |
||
| 999 |
_c183188 _d183188 |
||